Địa danh ở tỉnh Ninh Bình
محفوظ في:
| المؤلف الرئيسي: | |
|---|---|
| مؤلفون آخرون: | |
| التنسيق: | كتاب |
| اللغة: | Vietnamese |
| منشور في: |
Hà Nội
Thanh niên
2011
|
| الموضوعات: | |
| الوسوم: |
إضافة وسم
لا توجد وسوم, كن أول من يضع وسما على هذه التسجيلة!
|
| Thư viện lưu trữ: | Trung tâm Học liệu Lê Vũ Hùng, Trường Đại học Đồng Tháp |
|---|
| LEADER | 00807pam a22002658a 4500 | ||
|---|---|---|---|
| 001 | 00026811 | ||
| 005 | 20171026081023.0 | ||
| 008 | 110829s2011 ||||||viesd | ||
| 041 | 0 | # | |a vie |
| 082 | 1 | 4 | |a 915.973 9 |b Đ301D |
| 100 | 1 | # | |a Đỗ, Danh Gia |
| 245 | 1 | 0 | |a Địa danh ở tỉnh Ninh Bình |c Đỗ Danh Gia, Hoàng Linh |
| 260 | # | # | |a Hà Nội |b Thanh niên |c 2011 |
| 300 | # | # | |a 879 tr. |c 21 cm. |
| 500 | # | # | |a ĐTTS ghi: Hội văn nghệ dân gian Việt Nam |
| 650 | # | 4 | |a Ninh Bình |
| 650 | # | 4 | |a Địa danh |
| 650 | # | 4 | |a Địa chí |
| 700 | 1 | # | |a Hoàng, Linh |
| 852 | # | # | |j KD.0011419 |b Kho đọc |
| 852 | # | # | |j KD.0011419 |
| 910 | 0 | # | |a Ntuyet |d 29/08/2011 |
| 980 | # | # | |a Trung tâm Học liệu Lê Vũ Hùng, Trường Đại học Đồng Tháp |